000 00287nam a22001337a 4500
008 180918b xxu||||| |||| 00| 0 eng d
020 _a9780618642021
041 _aeng
080 _a371
100 _a25
101 _aEDU
245 _aThe College Writer
_cVandermay
942 _2udc
_cBK
999 _c47966
_d47966